Malaysia states Perak all city all town - Statistics

General Stats
  • This quiz has been taken 12 times
  • The average score is 4 of 8
Answer Stats
Hint Answer % Correct
Capital Ipoh
100%
Palace city Kuala Kangsar
90%
Rain town Taiping
80%
Kamunting
30%
Bagan serai
20%
Tanjung malim
20%
Kuala Sepetang
10%
Menglembu
0%
No matching quizzes found
Score Distribution
Percent of People with Each Score
Percentile by Number Answered
Your Score History
You have not taken this quiz